كتاب إرشاد أهل الملة إلى إثبات الأهلة / (رقم التسجيلة. 1750)

تفاصيل مارك
000 -الفاتح
عناصر البيانات ثابتة الطول 00762cam a2200193 i 4500
005 - تاريخ ووقت آخر معاملة
حقل ضبط 20251210102534.0
008 - عناصر البيانات ثابتة الطول
عناصر البيانات ثابتة الطول 250721s2000 le gr 000 0 ara d
082 14 - رقم تصنيف ديوي العشري
رقم التصنيف 216.23
رقم المادة ح ن ف
100 1# - مدخل رئيسي – اسم شخصي
الاسم الشخصي الحنفي، محمد بخيت المطيعي
علاقة الشخص بالعمل/ دوره مؤلف.
245 10 - بيان العنوان
العنوان كتاب إرشاد أهل الملة إلى إثبات الأهلة /
بيان المسؤولية تاليف العلامه الشيخ محمد بخيت المطيعي الحنفي؛ واعتني به حسن احمد اسبر.
250 ## - بيان الطبعة
بيان الطبعة الطبع الاولى.
264 31 - بيانات النشر، التوزيع…إلخ
مكان النشر، التوزيع...إلخ بيروت :
اسم الناشر، الموزع...إلخ دار ابن حزم،
تاريخ النشر، التوزيع...إلخ 2000.
300 ## - الوصف المادي
عدد الوحدات المكونة للوعاء 272 صفحه.
650 17 - مدخل إضافي بالموضوع - مصطلح موضوعي
مصطلح موضوعي أو اسم جغرافي كعنصر مدخل الصوم.
650 17 - مدخل إضافي بالموضوع - مصطلح موضوعي
مصطلح موضوعي أو اسم جغرافي كعنصر مدخل الوقت.
700 1# - مدخل إضافي - اسم شخصي
الاسم الشخصي إسبر، حسن أحمد
علاقة الشخص بالعمل/ دوره تحقيق.
942 ## - بيانات إضافية (كوها)
نوع التنصيف Dewey Decimal Classification
نوع المادة (كوها) كتب
المقتنيات
حالة السحب حالة الفقدان مصدر التصنيف حالة التلف غير قابل للإعارة المكتبة الرئيسية المكتبة الحالية موقع الرف تاريخ التزويد الرقم المتسلسل Total Checkouts رقم الإستدعاء الباركود تاريخ آخر ظهور تاريخ الفاتورة نوع المادة (كوها)
    Dewey Decimal Classification     المكتبة المركزية المكتبة المركزية الإعارة 06/07/2004 471589   216.23 / ح ن ف 471589 28/07/2025 06/07/2004 كتب
Implemented & Customized by: BBB with SCIT (Smart Chains for Information Technology)

Powered by Koha